| 000 | 00392 a2200133 4500 | ||
|---|---|---|---|
| 020 | _a0632052058 | ||
| 082 | _a624.1513 BEL | ||
| 100 | _aBell, F. G. | ||
| 245 |
_aEngineering properties of soil and rocks / _cFred G. Bell. |
||
| 250 | _a4th ed. | ||
| 260 |
_aOxford : _bMalden, MA. : _bBlackwell Science, _c2000. |
||
| 300 |
_aviii, 482 p. : _bill., maps ; _c26 cm. |
||
| 650 | _aSoil mechanics. | ||
| 650 | _aRock mechanics. | ||
| 999 |
_c997 _d997 |
||